| 000 | 00694nmc a2200277 a 4500 | ||
|---|---|---|---|
| 003 | AR-BaBNM | ||
| 005 | 20251128203100.0 | ||
| 008 | 235020s2001 ||||||||||||||000 | spa|| | ||
| 020 | _a950-07-1956-8 | ||
| 040 | _cAR-BaBNM | ||
| 100 | 1 | _aBirmajer, Marcelo | |
| 245 | 1 | 0 | _aGarfios |
| 260 |
_aBuenos Aires _bSudamericana _c2001 |
||
| 300 | 0 |
_a57 p. _bil. |
|
| 490 | 0 |
_aPan Flauta _vv. 61 |
|
| 650 | 4 | _aLITERATURA CONTEMPORANEA | |
| 650 | 4 | _aLITERATURA ARGENTINA | |
| 650 | 4 | _aCUENTOS DE AVENTURAS | |
| 650 | 4 | _aLIBROS PARA NINOS | |
| 653 | _aLITERATURA JUVENIL | ||
| 655 | _aLITERATURA | ||
| 700 | 0 |
_aHuadi _eilustrador |
|
| 800 | 0 | _aCanela | |
| 942 | _cBK | ||
| 998 | _cme-solo cat | ||
| 999 |
_c1793 _d1793 |
||